header

Gun crusaders (Record no. 44308)

MARC details
000 -LEADER
fixed length control field 01272nam a2200325Ia 4500
082 04 - DEWEY DECIMAL CLASSIFICATION NUMBER
Classification number 323.4/3
100 1# - MAIN ENTRY--AUTHOR NAME
Personal name Melzer, Scott.
245 10 - TITLE STATEMENT
Title Gun crusaders
260 ## - PUBLICATION, DISTRIBUTION, ETC. (IMPRINT)
Place of publication New York :
Name of publisher New York University Press,
Year of publication c2009.
300 ## - PHYSICAL DESCRIPTION
Number of Pages xii, 323 p. :
Other physical details ill.
650 #0 - SUBJECT ADDED ENTRY--TOPICAL TERM
Topical Term Gun control
Topical Term Firearms ownership
856 40 - ELECTRONIC LOCATION AND ACCESS
Uniform Resource Identifier http://site.ebrary.com/lib/rucke/Doc?id=10347238

No items available.

© 2026 Rongo University
Contact us: librarian | system librarian | Rongo university